Cidades-satélite de Brasília. - Statistics

Estatísticas Gerais
  • Esse quiz foi jogado 597 vezes
  • A pontuação média é 15 de 31
Estatísticas das Respostas
Hint Resposta % Correto
9 Ceilândia
84%
3 Taguatinga
81%
2 Gama
80%
1 Brasília
73%
5 Sobradinho
69%
10 Guará
66%
20 Águas Claras
65%
12 Samambaia
62%
6 Planaltina
61%
16 Lago Sul
54%
18 Lago Norte
53%
17 Riacho Fundo
49%
7 Paranoá
47%
15 Recanto das Emas
47%
4 Brazlândia
45%
11 Cruzeiro
45%
13 Santa Maria
45%
30 Vicente Pires
45%
22 Sudoeste/Octogonal
44%
8 Núcleo Bandeirante
42%
24 Park Way
42%
14 São Sebastião
42%
19 Candangolândia
39%
28 Itapoã
33%
27 Jardim Botânico
33%
29 Setor de Indústria e Abastecimento
33%
23 Varjão
32%
31 Fercal
28%
21 Riacho Fundo II
27%
26 Sobradinho II
22%
25 Setor Complementar de Indústria e Abastecimento
17%
Nenhum quiz correspondente encontrado
Distribuição das Pontuações
Porcentagem de Pessoas com Cada Pontuação
Percentil de Números Respondidos
Sua Pontuação Histórica
Você não jogou esse quiz